[Event "SF Neuenkirchen 2 - SK Königsspringer N"]
[Site "Verbandsklasse 2016/2017"]
[Date "2016.11.12"]
[Round "3.1"]
[White "Wetterau, Georg"]
[Black "Santos Brito, Daniel"]
[Result "1/2-1/2"]
[WhiteElo "1800"]
[BlackElo "1936"]
[PlyCount "126"]
[EventDate "2016.??.??"]
[SourceDate "2016.10.13"]

1. e4 d6 2. Nf3 Nf6 3. Nc3 g6 4. Bc4 Bg7 5. O-O O-O 6. d4 c6 7. Bb3 b5 8. a3 a5
9. Be3 Ba6 10. e5 Ng4 11. e6 f6 12. Bf4 a4 13. Ba2 b4 14. axb4 Bxf1 15. Qxf1 d5
16. h3 Nh6 17. g4 g5 18. Bg3 Qc8 19. Re1 Na6 20. Nxa4 Nxb4 21. Nb6 Qa6 22. Nxa8
Qxf1+ 23. Kxf1 Rxa8 24. Bb3 Kf8 25. Rd1 Ra5 26. c3 Na6 27. Bc2 Kg8 28. Re1 Bf8
29. Bd3 Kg7 30. Nd2 Ra2 31. Rb1 Ng8 32. f4 gxf4 33. Bxf4 Nh6 34. Kg2 c5 35.
Bxa6 Rxa6 36. Re1 cxd4 37. cxd4 Rb6 38. b3 Kg6 39. Kf3 Ng8 40. h4 Bh6 41. g5
fxg5 42. hxg5 Bg7 43. Be5 Rxe6 44. Kf4 h6 45. Rg1 Bxe5+ 46. dxe5 hxg5+ 47.
Rxg5+ Kf7 48. Nf3 Nh6 49. Nd4 Rb6 50. e6+ Kf6 51. Rxd5 Rb4 52. Kf3 Rb6 53. Ke4
Rb4 54. Kd3 Ng4 55. Rf5+ Kg6 56. Rb5 Rxb5 57. Nxb5 Kf6 58. Nd4 Ke5 59. Kc4 Kd6
60. b4 Ne3+ 61. Kd3 Nd5 62. b5 Nf4+ 63. Ke4 Nxe6 1/2-1/2

[Event "SF Neuenkirchen 2 - SK Königsspringer N"]
[Site "Verbandsklasse 2016/2017"]
[Date "2016.11.12"]
[Round "3.2"]
[White "Nordholt, Uwe"]
[Black "Sandmann, Matthias"]
[Result "0-1"]
[WhiteElo "1895"]
[BlackElo "1742"]
[PlyCount "75"]
[EventDate "2016.??.??"]
[SourceDate "2016.10.13"]

1. d4 Nf6 2. c4 d5 3. cxd5 Qxd5 4. Nc3 Qa5 5. Bd2 c6 6. Nf3 Qb6 7. e4 Bg4 8. e5
Nd5 9. Nxd5 cxd5 10. Qa4+ Bd7 11. Qa3 Nc6 12. Qe3 Qxb2 13. Bc3 Qa3 14. Be2 Nb4
15. Bxb4 Qxb4+ 16. Nd2 Rb8 17. O-O e6 18. a3 Qa4 19. Bd1 Qa6 20. a4 Be7 21. Be2
Qa5 22. Nb3 Qc7 23. Rfc1 Bc6 24. Bd3 Qd7 25. Qg3 O-O 26. Qh3 h6 27. Bc2 f6 28.
Qd3 f5 29. f4 Bb4 30. Bd1 Rfc8 31. Nc5 Qe7 32. Rab1 a5 33. Qe3 b6 34. Nd3 Ba3
35. Rc3 Bb7 36. Rxc8+ Bxc8 37. Nc5 Bb4 38. Na6 0-1

[Event "SF Neuenkirchen 2 - SK Königsspringer N"]
[Site "Verbandsklasse 2016/2017"]
[Date "2016.11.12"]
[Round "3.3"]
[White "Lerke, Bernd"]
[Black "Rengers, Rainer"]
[Result "0-1"]
[WhiteElo "1860"]
[BlackElo "1752"]
[PlyCount "78"]
[EventDate "2016.??.??"]
[SourceDate "2016.10.13"]

1. d4 d5 2. c4 e6 3. Nc3 Nf6 4. Nf3 Nbd7 5. cxd5 exd5 6. e3 Be7 7. Be2 O-O 8.
Bd2 b6 9. Rc1 c5 10. dxc5 bxc5 11. O-O Nb6 12. b3 Bf5 13. Nh4 Be6 14. Qc2 Qd7
15. Bb5 Qc8 16. Bd3 c4 17. Bf5 g6 18. Bxe6 Qxe6 19. Nf3 Rac8 20. Nd4 Qd6 21.
Ncb5 Qb8 22. Rfd1 Ne4 23. Be1 Nc5 24. bxc4 dxc4 25. f3 Nd3 26. Bg3 Qb7 27. Rb1
Qa6 28. Bd6 Rfe8 29. Nc7 Rxc7 30. Bxc7 Nd5 31. Bf4 N3xf4 32. exf4 Ne3 33. Qe4
Nxd1 34. Rxd1 Kf8 35. Qe5 Bf6 36. Qc5+ Kg7 37. g4 Rc8 38. Qb4 Rd8 39. Qc5 Qb6
0-1

[Event "SF Neuenkirchen 2 - SK Königsspringer N"]
[Site "Verbandsklasse 2016/2017"]
[Date "2016.11.12"]
[Round "3.4"]
[White "Schulze Oechtering, Matthias"]
[Black "Mense, Jens-Uwe"]
[Result "1-0"]
[WhiteElo "1808"]
[BlackElo "1793"]
[PlyCount "51"]
[EventDate "2016.??.??"]
[SourceDate "2016.10.13"]

1. e4 g6 2. d4 Bg7 3. Bc4 d6 4. c3 a6 5. a4 b6 6. Bg5 h6 7. Qf3 f6 8. Bh4 Nd7
9. e5 Rb8 10. e6 Nf8 11. Qc6+ Nd7 12. exd7+ Bxd7 13. Qd5 e6 14. Qe4 Kf7 15.
Bxa6 Ne7 16. f3 Nf5 17. Bf2 d5 18. Qc2 e5 19. dxe5 fxe5 20. Ne2 Qg5 21. O-O h5
22. Qd2 Qe7 23. Qxd5+ Be6 24. Qc6 Nd6 25. Nd2 Bd7 26. Qxc7 1-0

[Event "SF Neuenkirchen 2 - SK Königsspringer N"]
[Site "Verbandsklasse 2016/2017"]
[Date "2016.11.12"]
[Round "3.5"]
[White "Holstegge, Ludger"]
[Black "Ternes, Joachim"]
[Result "1/2-1/2"]
[WhiteElo "1829"]
[BlackElo "1606"]
[PlyCount "42"]
[EventDate "2016.??.??"]
[SourceDate "2016.10.13"]

1. c4 Nf6 2. Nc3 e5 3. g3 Bb4 4. Bg2 O-O 5. Nf3 Nc6 6. Nd5 Be7 7. d3 b6 8. O-O
Rb8 9. Bd2 Bb7 10. e4 d6 11. Ne3 Nd4 12. Nxd4 exd4 13. Nf5 c5 14. Bg5 Re8 15.
Qf3 Bc8 16. Nxe7+ Qxe7 17. a4 a5 18. Rae1 h6 19. Bxf6 Qxf6 20. Qxf6 gxf6 21. f4
Bb7 1/2-1/2

[Event "SF Neuenkirchen 2 - SK Königsspringer N"]
[Site "Verbandsklasse 2016/2017"]
[Date "2016.11.12"]
[Round "3.6"]
[White "Winter, Reinhold"]
[Black "Steens, Rudolf"]
[Result "0-1"]
[WhiteElo "1567"]
[BlackElo "1752"]
[PlyCount "112"]
[EventDate "2016.??.??"]
[SourceDate "2016.10.13"]

1. c4 Nf6 2. d4 e6 3. Nc3 d5 4. cxd5 exd5 5. Bg5 c6 6. g3 Qb6 7. Bxf6 gxf6 8.
Qd2 Bf5 9. Bh3 Bxh3 10. Nxh3 Nd7 11. a3 O-O-O 12. e3 h5 13. Nf4 h4 14. O-O-O
Bd6 15. Qc2 Qc7 16. Qf5 Bxf4 17. Qxf4 Qxf4 18. gxf4 f5 19. Rhg1 Rhg8 20. Rg5
Rxg5 21. fxg5 f6 22. g6 Rg8 23. Rg1 Nf8 24. g7 Ne6 25. Rg6 Rxg7 26. Rxf6 Rg1+
27. Kd2 Kd7 28. Rxf5 Rg2 29. Ke2 Rxh2 30. Kf1 Rh1+ 31. Kg2 Rc1 32. Rh5 Rc2 33.
Na4 b5 34. Nc5+ Nxc5 35. dxc5 Rxb2 36. Rh7+ Kc8 37. Rxa7 h3+ 38. Kxh3 Rxf2 39.
Kg3 Rc2 40. Kf4 Kb8 41. Re7 Rxc5 42. Ke5 Rc3 43. Kd6 Ka8 44. Rc7 Rxa3 45. Rxc6
Kb7 46. Rc5 Kb6 47. Rxd5 Rxe3 48. Rd1 Rc3 49. Kd5 Rc8 50. Ra1 Rd8+ 51. Ke4 b4
52. Rh1 Kb5 53. Rh5+ Kc4 54. Ke3 b3 55. Rh1 b2 56. Ke2 Kc3 0-1

[Event "SF Beelen 2 - SC Sendenhorst 1"]
[Site "Verbandsklasse 2016/2017"]
[Date "2016.11.12"]
[Round "3.1"]
[White "Janz, Stefan"]
[Black "Hanewinkel, Christian"]
[Result "0-1"]
[WhiteElo "1796"]
[BlackElo "1672"]
[PlyCount "42"]
[EventDate "2016.??.??"]
[SourceDate "2016.10.13"]

1. e4 c5 2. Nf3 e6 3. d4 cxd4 4. Nxd4 a6 5. Be2 Qc7 6. Be3 Nc6 7. O-O Nf6 8.
Nxc6 bxc6 9. Bf3 d5 10. exd5 cxd5 11. Re1 Bd6 12. g3 O-O 13. Nc3 Rb8 14. Rb1
Bb7 15. Ne2 e5 16. c3 d4 17. Bxb7 dxe3 18. Bf3 exf2+ 19. Kxf2 Bc5+ 20. Kf1 e4
21. Nd4 exf3 0-1

[Event "SF Beelen 2 - SC Sendenhorst 1"]
[Site "Verbandsklasse 2016/2017"]
[Date "2016.11.12"]
[Round "3.2"]
[White "Hofene, Werner"]
[Black "Fleischmann, Andre"]
[Result "1/2-1/2"]
[WhiteElo "1749"]
[BlackElo "1740"]
[PlyCount "42"]
[EventDate "2016.??.??"]
[SourceDate "2016.10.13"]

1. Nf3 c5 2. b3 Nf6 3. Bb2 e6 4. e3 b6 5. Ne5 a6 6. Be2 Bb7 7. Bf3 Qc7 8. O-O
d6 9. Bxb7 Qxb7 10. Ng4 Nbd7 11. d3 Be7 12. Nd2 h5 13. Nxf6+ Bxf6 14. Ne4 Ke7
15. Nxf6 gxf6 16. f4 Rag8 17. e4 Rh6 18. Rf2 b5 19. Qe2 h4 20. Raf1 h3 21. g3
d5 1/2-1/2

[Event "SF Beelen 2 - SC Sendenhorst 1"]
[Site "Verbandsklasse 2016/2017"]
[Date "2016.11.12"]
[Round "3.3"]
[White "Füllborn, Dietrich"]
[Black "Wältermann, Thomas"]
[Result "1/2-1/2"]
[WhiteElo "1669"]
[BlackElo "1742"]
[PlyCount "38"]
[EventDate "2016.??.??"]
[SourceDate "2016.10.13"]

1. d4 Nf6 2. Nf3 g6 3. c4 Bg7 4. Nc3 d6 5. Bf4 Nbd7 6. e3 c6 7. Bd3 Qa5 8. Qc2
O-O 9. h3 e5 10. dxe5 Nxe5 11. Bxe5 dxe5 12. O-O Nd7 13. a3 Qc7 14. b4 Nb6 15.
e4 Be6 16. c5 Nc8 17. Ng5 Bd7 18. Bc4 h6 19. Nf3 Ne7 1/2-1/2

[Event "SF Beelen 2 - SC Sendenhorst 1"]
[Site "Verbandsklasse 2016/2017"]
[Date "2016.11.12"]
[Round "3.4"]
[White "Radinger, Rudolf"]
[Black "Weng, Peter"]
[Result "0-1"]
[WhiteElo "1633"]
[BlackElo "1717"]
[PlyCount "56"]
[EventDate "2016.??.??"]
[SourceDate "2016.10.13"]

1. e4 e6 2. d4 d5 3. e5 c5 4. c3 Nc6 5. Nf3 Qb6 6. Be2 Bd7 7. O-O f6 8. exf6
Nxf6 9. dxc5 Bxc5 10. b4 Be7 11. Be3 Qc7 12. Bb5 O-O 13. Bxc6 bxc6 14. Bd4 Ng4
15. h3 Rxf3 16. hxg4 Rf7 17. Qe2 Bd6 18. Nd2 e5 19. Bc5 Re8 20. Nb3 e4 21. Bxd6
Qxd6 22. Nc5 Rf4 23. g5 Rh4 24. g3 Bg4 25. Qe3 Rh3 26. f4 Qg6 27. Kf2 Rh2+ 28.
Ke1 Re2+ 0-1

[Event "SF Beelen 2 - SC Sendenhorst 1"]
[Site "Verbandsklasse 2016/2017"]
[Date "2016.11.12"]
[Round "3.5"]
[White "Specht, Bernfried"]
[Black "Hofene, Markus"]
[Result "0-1"]
[WhiteElo "1697"]
[BlackElo "1659"]
[PlyCount "58"]
[EventDate "2016.??.??"]
[SourceDate "2016.10.13"]

1. e4 d5 2. d4 dxe4 3. Nc3 Nf6 4. f3 exf3 5. Qxf3 c6 6. Be3 Bg4 7. Qf2 Qa5 8.
Bd3 e6 9. Nf3 Nbd7 10. O-O Bxf3 11. Qxf3 Qh5 12. Qg3 O-O-O 13. Bf4 Nb6 14. Bb8
Rd7 15. Bxa7 Bd6 16. Qxg7 Bxh2+ 17. Kf2 Ng4+ 18. Ke1 Bg3+ 19. Kd2 Be5 20. dxe5
Nc4+ 21. Kc1 Rhd8 22. Bxc4 b5 23. Be2 f5 24. Bxg4 fxg4 25. Qf6 b4 26. Qf2 bxc3
27. bxc3 Qxe5 28. Rb1 g3 29. Rb8+ Qxb8 0-1

[Event "SF Beelen 2 - SC Sendenhorst 1"]
[Site "Verbandsklasse 2016/2017"]
[Date "2016.11.12"]
[Round "3.6"]
[White "Bleier, Thomas"]
[Black "Westhues, Ralf"]
[Result "1/2-1/2"]
[WhiteElo "1648"]
[BlackElo "1603"]
[PlyCount "27"]
[EventDate "2016.??.??"]
[SourceDate "2016.10.13"]

1. e4 c5 2. Nc3 Nc6 3. f4 d6 4. Bc4 Nf6 5. d3 g6 6. a3 Bg7 7. Nf3 O-O 8. O-O
Ne8 9. Rb1 Nc7 10. Qe1 e6 11. Ng5 d5 12. Ba2 b5 13. Ne2 h6 14. Nf3 1/2-1/2

[Event "SF Beelen 2 - SC Sendenhorst 1"]
[Site "Verbandsklasse 2016/2017"]
[Date "2016.11.12"]
[Round "3.7"]
[White "Göntgens, Werner"]
[Black "Grothues, Fabian"]
[Result "1/2-1/2"]
[WhiteElo "1592"]
[BlackElo "1576"]
[PlyCount "35"]
[EventDate "2016.??.??"]
[SourceDate "2016.10.13"]

1. d4 g6 2. Bf4 Bg7 3. e3 c5 4. c3 cxd4 5. exd4 Qb6 6. Qc2 d6 7. Nd2 Bf5 8. Qb3
Nd7 9. Ngf3 Qxb3 10. Nxb3 Ngf6 11. Be2 O-O 12. O-O Nd5 13. Bg3 N7f6 14. h3 Nh5
15. Bh2 Nhf4 16. Rfe1 e5 17. dxe5 dxe5 18. Bf1 1/2-1/2

[Event "SF Beelen 2 - SC Sendenhorst 1"]
[Site "Verbandsklasse 2016/2017"]
[Date "2016.11.12"]
[Round "3.8"]
[White "Leismann, Franz-Josef"]
[Black "Kratz, Alexander"]
[Result "1/2-1/2"]
[WhiteElo "1548"]
[BlackElo "1533"]
[PlyCount "46"]
[EventDate "2016.??.??"]
[SourceDate "2016.10.13"]

1. e4 e6 2. d4 d5 3. exd5 exd5 4. Bd3 Bd6 5. Nf3 Nf6 6. c3 h6 7. h3 O-O 8. O-O
Re8 9. Be3 Nbd7 10. Nbd2 Nf8 11. Ne5 Bxe5 12. dxe5 Rxe5 13. Bd4 Re8 14. Nf3 Qd6
15. Bc2 c5 16. Bxf6 Qxf6 17. Qxd5 Bd7 18. Qh5 Bc6 19. Nh2 Re5 20. Qd1 h5 21. f4
Rd5 22. Qe2 Re8 23. Qf2 b6 1/2-1/2

[Event "Schach Nienberge 2 - SK Münster 5"]
[Site "Verbandsklasse 2016/2017"]
[Date "2016.11.12"]
[Round "3.1"]
[White "Jensen, Sören"]
[Black "da Costa Campos, André"]
[Result "0-1"]
[WhiteElo "1734"]
[BlackElo "1909"]
[PlyCount "40"]
[EventDate "2016.??.??"]
[SourceDate "2016.10.13"]

1. e4 e5 2. Nf3 Nc6 3. Bc4 Bc5 4. b4 Bxb4 5. c3 Be7 6. d4 Na5 7. Bxf7+ Kxf7 8.
Nxe5+ Kf8 9. O-O d6 10. f4 Nf6 11. Nd2 g6 12. Nd3 Kg7 13. Bb2 d5 14. Nf2 dxe4
15. Qe2 Re8 16. Rae1 Bd6 17. Qe3 Nd5 18. Qe2 e3 19. Nd3 exd2 20. Qxe8 dxe1=Q
0-1

[Event "Schach Nienberge 2 - SK Münster 5"]
[Site "Verbandsklasse 2016/2017"]
[Date "2016.11.12"]
[Round "3.2"]
[White "Melkert, Tim"]
[Black "Vogenauer, Nikolas"]
[Result "1/2-1/2"]
[WhiteElo "1861"]
[BlackElo "1665"]
[PlyCount "51"]
[EventDate "2016.??.??"]
[SourceDate "2016.10.13"]

1. e4 e5 2. Nf3 Nc6 3. Bb5 a6 4. Ba4 Nf6 5. O-O Be7 6. Re1 b5 7. Bb3 O-O 8. h3
Bb7 9. d3 d5 10. exd5 Nxd5 11. Nxe5 Nxe5 12. Rxe5 Qd6 13. Re1 Rfe8 14. Nd2 c5
15. a4 Qc6 16. Nf3 Nb6 17. a5 c4 18. axb6 cxb3 19. c3 Qxb6 20. Bf4 Qg6 21. Bg3
h5 22. Ne5 Qf5 23. h4 Bxh4 24. Bxh4 Rxe5 25. Rxe5 Qxe5 26. Qxb3 1/2-1/2

[Event "Schach Nienberge 2 - SK Münster 5"]
[Site "Verbandsklasse 2016/2017"]
[Date "2016.11.12"]
[Round "3.3"]
[White "Peters, Helmut"]
[Black "Kluczka, Konrad"]
[Result "1-0"]
[WhiteElo "2089"]
[BlackElo "1817"]
[PlyCount "33"]
[EventDate "2016.??.??"]
[SourceDate "2016.10.13"]

1. d4 b6 2. c4 Bb7 3. Nc3 e6 4. e4 Bb4 5. Bd3 Bxc3+ 6. bxc3 d5 7. cxd5 exd5 8.
e5 Ne7 9. Qg4 Qd7 10. Qxg7 Rg8 11. Qxh7 Nbc6 12. g3 Qe6 13. Ne2 Qg4 14. f3 Qd7
15. Nf4 O-O-O 16. Qxf7 Rdf8 17. Qe6 1-0

[Event "Schach Nienberge 2 - SK Münster 5"]
[Site "Verbandsklasse 2016/2017"]
[Date "2016.11.12"]
[Round "3.5"]
[White "Kamp, Aaron"]
[Black "Van de Vyle, Jan"]
[Result "1/2-1/2"]
[WhiteElo "1580"]
[BlackElo "1753"]
[PlyCount "84"]
[EventDate "2016.??.??"]
[SourceDate "2016.10.13"]

1. e4 e5 2. d4 Nc6 3. d5 Nce7 4. Nf3 Ng6 5. c4 Nf6 6. Bd3 Bc5 7. O-O d6 8. Be3
Bb6 9. b4 Bxe3 10. fxe3 a5 11. Qe1 axb4 12. Qxb4 b6 13. Nc3 O-O 14. a4 Ra5 15.
Nb5 Nd7 16. Nd2 Nc5 17. Bc2 Nh4 18. Nb3 Nxb3 19. Bxb3 Re8 20. Qd2 Ng6 21. Qf2
Re7 22. Bd1 Nf8 23. Bh5 g6 24. Bd1 Nd7 25. Qh4 Nc5 26. Bc2 Bd7 27. Nxc7 Bxa4
28. Bxa4 Qxc7 29. Bc6 Nb3 30. Rxa5 Nxa5 31. Bb5 Qd8 32. Qf6 Nb7 33. h4 Rc7 34.
Qxd8+ Nxd8 35. Rf6 Nb7 36. g4 Kf8 37. Bc6 Ke7 38. Rf2 Na5 39. Bb5 h6 40. Kg2 f6
41. Kg3 Rc8 42. Rb2 Rb8 1/2-1/2

[Event "Schach Nienberge 2 - SK Münster 5"]
[Site "Verbandsklasse 2016/2017"]
[Date "2016.11.12"]
[Round "3.6"]
[White "Scharlow, Siegmar"]
[Black "Bissen, Philippe"]
[Result "1/2-1/2"]
[WhiteElo "1719"]
[BlackElo "1674"]
[PlyCount "59"]
[EventDate "2016.??.??"]
[SourceDate "2016.10.13"]

1. d4 Nf6 2. c4 e5 3. dxe5 Ng4 4. Nf3 Nc6 5. e3 Bb4+ 6. Nbd2 Ngxe5 7. Nxe5 Nxe5
8. a3 Be7 9. Be2 b6 10. Nf3 Ng6 11. O-O Bb7 12. Qc2 Bd6 13. Bd2 Nh4 14. Nxh4
Qxh4 15. g3 Qh3 16. e4 f5 17. Bf3 O-O-O 18. Bg2 Qg4 19. exf5 Bxg2 20. Kxg2 Rdf8
21. b4 Rxf5 22. Be3 Qf3+ 23. Kg1 Re8 24. Rad1 Bxg3 25. fxg3 Qxe3+ 26. Kg2 Rxf1
27. Rxf1 Qe4+ 28. Qxe4 Rxe4 29. Rf8+ Kb7 30. Rf7 1/2-1/2

[Event "Schach Nienberge 2 - SK Münster 5"]
[Site "Verbandsklasse 2016/2017"]
[Date "2016.11.12"]
[Round "3.7"]
[White "Kamp, Adrian"]
[Black "Schulte Austum, Frank"]
[Result "0-1"]
[WhiteElo "1608"]
[BlackElo "1735"]
[PlyCount "52"]
[EventDate "2016.??.??"]
[SourceDate "2016.10.13"]

1. e4 d6 2. d4 Nf6 3. Nc3 g6 4. Nf3 Bg7 5. h3 O-O 6. Be3 Nc6 7. Qd2 e5 8. O-O-O
exd4 9. Nxd4 Qe7 10. f3 Nxd4 11. Bxd4 Be6 12. g4 Nd7 13. f4 Bxd4 14. Qxd4 f6
15. f5 Bf7 16. Nd5 Bxd5 17. Qxd5+ Kg7 18. Bg2 Qe5 19. Qxb7 Rab8 20. Qxc7 Qxb2+
21. Kd2 Rb7 22. Qxd6 Nc5 23. Ke2 Qxc2+ 24. Qd2 Rb2 25. Rhe1 Rc8 26. a3 Qd3+ 0-1

[Event "Schach Nienberge 2 - SK Münster 5"]
[Site "Verbandsklasse 2016/2017"]
[Date "2016.11.12"]
[Round "3.8"]
[White "Albustin, Benedikt"]
[Black "Van Lindt, Chiara"]
[Result "1-0"]
[WhiteElo "1879"]
[BlackElo "1533"]
[PlyCount "37"]
[EventDate "2016.??.??"]
[SourceDate "2016.10.13"]

1. e4 c6 2. d4 d5 3. Nc3 dxe4 4. Nxe4 Nd7 5. Bc4 Ngf6 6. Ng5 e6 7. Qe2 Nb6 8.
Bb3 Qxd4 9. N1f3 Bb4+ 10. c3 Bxc3+ 11. Kf1 Qd8 12. bxc3 O-O 13. Ba3 Re8 14. Ne5
Nbd5 15. Ngxf7 Qa5 16. Bb2 Nd7 17. c4 N5f6 18. Nd6 Rd8 19. Nxc8 1-0

[Event "Indische Dame Münster 1 - SG Turm Raesf"]
[Site "Verbandsklasse 2016/2017"]
[Date "2016.11.12"]
[Round "3.1"]
[White "Bölker, Franz"]
[Black "Stevermüer, Rüdiger"]
[Result "0-1"]
[WhiteElo "1798"]
[BlackElo "1991"]
[PlyCount "120"]
[EventDate "2016.??.??"]
[SourceDate "2016.10.13"]

1. d4 e5 2. dxe5 Nc6 3. Nf3 Qe7 4. Nbd2 Nxe5 5. Nxe5 Qxe5 6. Nf3 Qe4 7. e3 Nf6
8. Bd3 Qg4 9. O-O d5 10. c4 dxc4 11. Qa4+ Bd7 12. Qxc4 Qxc4 13. Bxc4 Be7 14. b3
O-O 15. Bb2 b5 16. Be2 a6 17. Ne5 Be6 18. Nc6 Bd6 19. Rac1 Rfe8 20. Rfd1 Bg4
21. Bxg4 Nxg4 22. h3 Nh6 23. Rd5 f6 24. Bd4 Nf7 25. Bc5 Kf8 26. Nd4 g6 27. Nc6
Kg7 28. h4 h5 29. Bd4 Nd8 30. Bb2 Nxc6 31. Rxc6 Kf7 32. Rd2 Re6 33. Rdc2 Ke7
34. g3 Kd7 35. Kg2 a5 36. Bd4 g5 37. f4 gxf4 38. exf4 Rg8 39. Kf3 f5 40. Ra6
Re4 41. Bf2 a4 42. bxa4 Rxa4 43. Rxa4 bxa4 44. Rc4 Ra8 45. Bd4 Ra5 46. Ke3 c5
47. Bc3 Ra8 48. Be5 Kc6 49. Rc3 Rg8 50. Kf3 Be7 51. Rd3 Rd8 52. Re3 Rd5 53. Bg7
Bd6 54. Ke2 c4 55. Re8 Bc7 56. Rc8 Rd8 57. Rxd8 Bxd8 58. Bc3 Kd5 59. Be1 Ke4
60. Bc3 Bb6 0-1

[Event "Indische Dame Münster 1 - SG Turm Raesf"]
[Site "Verbandsklasse 2016/2017"]
[Date "2016.11.12"]
[Round "3.2"]
[White "Knispel-Roth, Martin"]
[Black "Fasselt, Hendrik"]
[Result "1/2-1/2"]
[WhiteElo "1902"]
[BlackElo "1822"]
[PlyCount "34"]
[EventDate "2016.??.??"]
[SourceDate "2016.10.13"]

1. Nf3 d5 2. g3 Nf6 3. Bg2 c6 4. O-O g6 5. d3 Bg7 6. Nbd2 O-O 7. e4 dxe4 8.
dxe4 Bg4 9. h3 Bxf3 10. Qxf3 e5 11. Qb3 Qc7 12. Nc4 Nbd7 13. Be3 b5 14. Na3 a5
15. Rad1 Rfd8 16. c3 Nf8 17. Nb1 Rab8 1/2-1/2

[Event "Indische Dame Münster 1 - SG Turm Raesf"]
[Site "Verbandsklasse 2016/2017"]
[Date "2016.11.12"]
[Round "3.3"]
[White "Brömmel, Chris"]
[Black "Frie, Michael"]
[Result "0-1"]
[WhiteElo "1770"]
[BlackElo "1894"]
[PlyCount "90"]
[EventDate "2016.??.??"]
[SourceDate "2016.10.13"]

1. e4 d6 2. d4 c6 3. Nf3 Qc7 4. Nc3 e5 5. Bc4 h6 6. O-O Nf6 7. Qd3 Be7 8. Be3
O-O 9. dxe5 dxe5 10. a4 Nbd7 11. Rad1 Nc5 12. Bxc5 Bxc5 13. Ne2 Bg4 14. Ng3
Rad8 15. Qe2 Nh5 16. Nxh5 Bxh5 17. c3 a5 18. h3 Qe7 19. Rxd8 Rxd8 20. Rd1 Rxd1+
21. Qxd1 Bxf2+ 22. Kxf2 Qc5+ 23. Kg3 Qxc4 24. Qd8+ Kh7 25. Qxa5 Qxe4 26. Nxe5
g5 27. Nf3 Bxf3 28. gxf3 Qe1+ 29. Kg2 Qe2+ 30. Kg3 Kg6 31. Qb4 f5 32. f4 Qe3+
33. Kh2 gxf4 34. Qd6+ Kh5 35. Qf6 Qg3+ 36. Kh1 Qxh3+ 37. Kg1 Qe3+ 38. Kh1 Qe4+
39. Kh2 Qe2+ 40. Kh1 Kg4 41. Qg6+ Kf3 42. Qh5+ Ke3 43. Qxh6 Qe1+ 44. Kh2 Qg3+
45. Kh1 Kf2 0-1

[Event "Indische Dame Münster 1 - SG Turm Raesf"]
[Site "Verbandsklasse 2016/2017"]
[Date "2016.11.12"]
[Round "3.4"]
[White "Tenberge, Norbert"]
[Black "Tünte, Marcel"]
[Result "1-0"]
[WhiteElo "1844"]
[BlackElo "1852"]
[PlyCount "109"]
[EventDate "2016.??.??"]
[SourceDate "2016.10.13"]

1. c4 e6 2. d4 d5 3. Nc3 Nf6 4. Bg5 Be7 5. Nf3 O-O 6. e3 c6 7. a4 Nbd7 8. Be2
Ne4 9. Bxe7 Qxe7 10. O-O Nd6 11. b3 f5 12. Qc2 b6 13. a5 Ba6 14. c5 Nb5 15.
Nxb5 cxb5 16. axb6 axb6 17. cxb6 Rfc8 18. Qd2 Nxb6 19. Rfc1 Rxc1+ 20. Qxc1 Rc8
21. Qd2 Ra8 22. Ne5 Qd6 23. g3 Nd7 24. Bxb5 Nxe5 25. dxe5 Qb6 26. Rxa6 Rxa6 27.
Bxa6 Qxa6 28. Qc3 Qb6 29. b4 Kf7 30. Qa3 Ke8 31. Qa8+ Qd8 32. Qa6 Qd7 33. Kf1
Kd8 34. Ke2 Qc7 35. Qa5 Kd7 36. Qxc7+ Kxc7 37. Kd3 Kc6 38. Kc3 Kb5 39. Kb3 g5
40. f4 g4 41. Ka3 h6 42. Kb3 h5 43. Ka3 Kc4 44. Ka4 Kd3 45. b5 Kxe3 46. b6 d4
47. b7 d3 48. b8=Q d2 49. Qb6+ Ke2 50. Qb5+ Ke1 51. Qb4 Ke2 52. Qc4+ Ke1 53.
Qc3 Ke2 54. Qc2 Ke1 55. Kb5 1-0

[Event "Indische Dame Münster 1 - SG Turm Raesf"]
[Site "Verbandsklasse 2016/2017"]
[Date "2016.11.12"]
[Round "3.5"]
[White "Kadenbach, Wolfgang"]
[Black "ter Veen, Michael"]
[Result "1-0"]
[WhiteElo "1746"]
[BlackElo "1730"]
[PlyCount "87"]
[EventDate "2016.??.??"]
[SourceDate "2016.10.13"]

1. d4 d5 2. c4 e6 3. Nc3 Nf6 4. Nf3 c6 5. Bg5 Be7 6. e3 Nbd7 7. Rc1 O-O 8. Bd3
dxc4 9. Bxc4 b5 10. Bd3 a6 11. e4 c5 12. e5 Nd5 13. Bxe7 Nxe7 14. Bxh7+ Kxh7
15. Ng5+ Kg6 16. Qg4 f5 17. Qg3 Qa5 18. h4 cxd4 19. h5+ Kh6 20. Nxe6 Rf7 21.
Qf4+ Kh7 22. Ng5+ Kg8 23. Nxf7 Kxf7 24. Qxd4 b4 25. e6+ Kxe6 26. Qxg7 bxc3 27.
O-O Bb7 28. Rfe1+ Ne5 29. f4 Be4 30. Qxe5+ Qxe5 31. fxe5 Kxe5 32. Rxc3 Rg8 33.
Kf1 Nd5 34. Ra3 Kf4 35. Re2 Rh8 36. Rh3 Nb4 37. a3 Nd3 38. h6 Kg5 39. Rd2 Nf4
40. Rg3+ Kxh6 41. Rd6+ Kh5 42. Kf2 a5 43. Rd1 Rc8 44. Rh1+ 1-0

[Event "Indische Dame Münster 1 - SG Turm Raesf"]
[Site "Verbandsklasse 2016/2017"]
[Date "2016.11.12"]
[Round "3.6"]
[White "Glotzbach, Thomas"]
[Black "Suer, Julian"]
[Result "1-0"]
[WhiteElo "1735"]
[BlackElo "1730"]
[PlyCount "93"]
[EventDate "2016.??.??"]
[SourceDate "2016.10.13"]

1. e4 d5 2. exd5 Qxd5 3. Nc3 Qa5 4. Nf3 Nf6 5. Be2 Bf5 6. Nd4 e6 7. Bf3 c6 8.
d3 Bd6 9. Nxf5 Qxf5 10. Be3 Nbd7 11. Ne4 Nxe4 12. dxe4 Qa5+ 13. Bd2 Qc7 14. g3
O-O-O 15. Qe2 Ne5 16. Bg2 h5 17. f4 Ng6 18. h4 Ne7 19. O-O-O Bc5 20. Bc3 Qb6
21. Rxd8+ Rxd8 22. Qxh5 Bg1 23. Qe2 Be3+ 24. Kb1 Bg1 25. h5 Qf2 26. Bf3 Qc5 27.
a3 Bd4 28. Bxd4 Rxd4 29. Rd1 Rxd1+ 30. Qxd1 Qf2 31. g4 Kc7 32. Qe2 Qg1+ 33. Ka2
Qc5 34. Qd3 e5 35. b4 Qd6 36. Qxd6+ Kxd6 37. f5 f6 38. Kb3 c5 39. Be2 Nc6 40.
c3 b6 41. Bb5 Nd8 42. Bc4 Nc6 43. Bd5 Ne7 44. Bf7 b5 45. bxc5+ Kxc5 46. g5 fxg5
47. f6 1-0

[Event "Indische Dame Münster 1 - SG Turm Raesf"]
[Site "Verbandsklasse 2016/2017"]
[Date "2016.11.12"]
[Round "3.7"]
[White "Droste, Laurenz"]
[Black "Dittberner, Markus"]
[Result "1-0"]
[WhiteElo "1648"]
[BlackElo "1665"]
[PlyCount "31"]
[EventDate "2016.??.??"]
[SourceDate "2016.10.13"]

1. f4 c5 2. e3 b6 3. b3 Bb7 4. Bb2 Nf6 5. Nf3 e6 6. Be2 Be7 7. O-O O-O 8. c4 d5
9. Ne5 d4 10. Bf3 Bxf3 11. Qxf3 Na6 12. Nc6 Qd7 13. exd4 Rac8 14. Ne5 Qd6 15.
Na3 Nb4 16. Nb5 1-0

[Event "Indische Dame Münster 1 - SG Turm Raesf"]
[Site "Verbandsklasse 2016/2017"]
[Date "2016.11.12"]
[Round "3.8"]
[White "Overesch, Dieter"]
[Black "Cvetkovic, Reinhard"]
[Result "1-0"]
[WhiteElo "1689"]
[BlackElo "1663"]
[PlyCount "71"]
[EventDate "2016.??.??"]
[SourceDate "2016.10.13"]

1. d4 Nf6 2. Nf3 g6 3. Bg5 Bg7 4. Nbd2 c5 5. e3 cxd4 6. exd4 O-O 7. Be2 a6 8.
O-O b5 9. c3 Bb7 10. a4 Qb6 11. axb5 axb5 12. Rxa8 Bxa8 13. Qb3 Nc6 14. Qxb5
Qc7 15. Qc4 d5 16. Qd3 Re8 17. Bh4 Nh5 18. Bg3 Nxg3 19. hxg3 e5 20. dxe5 Nxe5
21. Nxe5 Qxe5 22. Bf3 Bf8 23. Rd1 Rb8 24. Rb1 Bc5 25. b4 Bb6 26. Nb3 Qxg3 27.
Nd4 Qh4 28. Rd1 Bc7 29. g3 Qf6 30. Kg2 Bb7 31. Ne2 Ba6 32. Qd4 Be5 33. Qc5 Bc4
34. Nd4 Qd8 35. Nc6 Bd6 36. Qd4 1-0